000 01270nam a2200217Ia 4500
003 Ost
005 20260507074905.0
008 260507s9999||||xx |||||||||||||| ||und||
040 _cfsecg
041 _aara
082 _a382.1
100 _aهدسون، جون
_eمؤلف
245 0 _aالعلاقات الإقتصادية الدولية /
_c جون هدسون
260 _aالرياض:
_bدار المريخ للنشر,
_c[دون تاريخ]
300 _a854 صفحة؛
_bإيضاحات ؛
_c25 سم
520 _aيضم الإطار التحليلي، الإعتماد الإقتصادي الدولي وآثار الروابط الدولية على تحليل وسياسة الإقتصاد الكلي، التدفقات الدولية لرأس المال وأسواق الإئتمان الدولي، سياسة التجارة الدولية، التكامل الإقتصادي الإقليمي، الدول الأقل نموا، الشركات المتعددة، القوميات، نظام النقد الدولي والإصلاح النقدي الدولي
653 _aالعلاقات الإقتصادية
653 _aالعلاقات الإقتصادية الدولية
700 _aهرندر، مارك
_eمؤلف ثانوي
942 _cكتاب
999 _c41686
_d41686